Sociedades limitadas según la Ley de Régimen Jurídico de las Sociedades de Responsabilidad Limitada de 17 de julio 1953 (Record no. 130081)

MARC details
000 -LEADER
campo de control de longitud fija 00886nam a22002051 4500
001 - NÚMERO DE CONTROL
campo de control 130081
003 - IDENTIFICADOR DE NÚMERO DE CONTROL
campo de control ES-MaACL
005 - FECHA Y HORA DE LA ÚLTIMA TRANSACCIÓN
campo de control 20230906193633.0
007 - CAMPO FIJO DE DESCRIPCIÓN FÍSICA--INFORMACIÓN GENERAL
campo de control de longitud fija t|
008 - DATOS DE LONGITUD FIJA--INFORMACIÓN GENERAL
campo de control de longitud fija 180707s1953 sp ||||0| spa d
016 7# - NÚMERO DE CONTROL DE UNA AGENCIA BIBLIOGRÁFICA NACIONAL
Número de control cancelado/no válido IND9200519620
040 ## - FUENTE DE CATALOGACIÓN
Centro catalogador/agencia de origen M-BN
Lengua de catalogación spa
Centro/agencia transcriptor A2
080 ## - NÚMERO DE LA CLASIFICACIÓN DECIMAL UNIVERSAL
Número de la Clasificación Decimal Universal 347.724/25(083.2)
100 1# - ENTRADA PRINCIPAL--NOMBRE DE PERSONA
Nombre de persona Lopera, Francisco.
9 (RLIN) 73284
245 10 - MENCIÓN DEL TÍTULO
Título Sociedades limitadas según la Ley de Régimen Jurídico de las Sociedades de Responsabilidad Limitada de 17 de julio 1953
Resto del título : Formularios /
Mención de responsabilidad, etc. por F. Lopera.
260 ## - PUBLICACIÓN, DISTRIBUCIÓN, ETC.
Lugar de publicación, distribución, etc. Madrid :
Nombre del editor, distribuidor, etc. [s.n,
Fecha de publicación, distribución, etc. 1953] (
Fabricante Gráf. La Torre)
300 ## - DESCRIPCIÓN FÍSICA
Extensión 48 p ;
Dimensiones 20 cm.
500 ## - NOTA GENERAL
Nota general Contiene además con port. propia: Sociedades Anónimas según la Ley de 17 de Julio de 1951 sobre Regimen jurídico de las Sociedades anónimas. Formularios, por F. Lopera. Madrid.- [Gráf. La Torre].- (S.a.: 1953). 16 pág.
852 ## - LOCALIZACIÓN
Ubicación ES-MaACL
Número de control de estantería 1958-F-8
Sublocalización o colección R.35274
Holdings
Estatus retirado Estado de pérdida Estado de daño No para préstamo Colección Biblioteca de origen Biblioteca actual Ubicación en estantería Fecha de adquisición Fuente de adquisición Total de préstamos Signatura topográfica completa Código de barras Visto por última vez Precio de reemplazo Tipo de ítem Koha
        Colección de folletos Biblioteca del Ateneo de Madrid Biblioteca del Ateneo de Madrid Depósito folletos 17/01/2008     1958-F-8 1135448 23/02/2023 23/02/2023 Folleto